Countries With The Most African Ancestry - Statistics

General Stats
  • This quiz has been taken 38 times
  • The average score is 24 of 30
Answer Stats
Total % Country % Correct
99,84 mil 48.4 Brazil
100%
1,56 mil 3.8 Canada
100%
1,16 mil 2.0 Italy
100%
47,11 mil 14.2 United States
100%
10,45 mil 15.8 France
97%
4,81 mil 6.9 United Kingdom
97%
1,09 mil 1.3 Germany
93%
2,50 mil 1.9 Mexico
93%
1,21 mil 2.5 Spain
93%
2,47 mil 91.5 Jamaica
90%
15,04 mil 28.1 Colombia
87%
7,65 mil 69.5 Cuba
87%
11,20 mil 94.9 Haiti
87%
1,04 mil 3.7 Venezuela
87%
350,000 1.4 Australia
83%
442,600 3.8 Belgium
83%
488,500 2.8 Netherlands
83%
701,000 6.9 Portugal
83%
848,000 2.5 Peru
80%
8,94 mil 82.8 Dominican Republic
77%
1,33 mil 7.3 Ecuador
73%
428,000 8.1 Costa Rica
70%
1,28 mil 28.4 Panama
70%
332,000 3.3 Sweden
70%
3,60 mil 10.3 Saudi Arabia
67%
278,500 92.8 Barbados
60%
758,000 54.1 Trinidad and Tobago
60%
750,000 14.4 Oman
43%
1,90 mil 4.3 Iraq
37%
3,51 mil 8.6 Yemen
37%
No matching quizzes found
Score Distribution
Percent of People with Each Score
Percentile by Number Answered
Your Score History
You have not taken this quiz